[Event "CZE-ch"]
[Site "?"]
[Date "1994.??.??"]
[Round "7"]
[White "David, Pavel"]
[Black "Svatos, Jan"]
[Result "1/2-1/2"]
[WhiteElo "2425"]
[BlackElo "2280"]

1.c4 c6 2.e4 e5 3.Nf3 d6 4.d4 exd4 5.Nxd4 Nf6 6.Nc3 g6 7.Be2 Bg7 8.O-O O-O
9.Kh1 Re8 10.f3 d5 11.cxd5 cxd5 12.Bb5 Bd7 13.exd5 Bxb5 14.Ndxb5 a6 15.Na3 b5
16.Nc2 Nbd7 17.a4 bxa4 18.Rxa4 Nb6 19.Rd4 Nh5 20.Re4 Rxe4 21.fxe4 Qh4 22.Qe1 Qxe1
23.Rxe1 Rc8 24.e5 Nxd5 25.Nxd5 Rxc2 26.Nb4 Rc4 27.Nxa6 Bxe5 28.g3 Rc2 29.b4 Rxh2+
30.Kxh2 Bxg3+ 31.Kg2 Bxe1 32.b5 Ba5 33.Be3 Nf6 34.b6 Bxb6  1/2-1/2

[Event "CZE-chT"]
[Site "?"]
[Date "1994.??.??"]
[Round "?"]
[White "David, Pavel"]
[Black "Blatny, Pavel"]
[Result "1-0"]
[WhiteElo "2425"]
[BlackElo "2525"]

1.c4 c6 2.e4 e5 3.Nf3 Qc7 4.Nc3 Bb4 5.a3 Bxc3 6.dxc3 d6 7.Be2 Ne7 8.Nh4 Nd7
9.Qc2 O-O 10.Be3 Rd8 11.g4 Nf8 12.Nf5 Be6 13.h4 d5 14.f3 Nfg6 15.c5 d4 16.cxd4 Bxf5
17.gxf5 exd4 18.Bf2 Nf4 19.O-O-O Qe5 20.Bc4 b6 21.Rhg1 Qxc5 22.f6 Neg6 23.Rg5 Ne5
24.Rxg7+ Kh8 25.Bf1 Qxc2+ 26.Kxc2 Ne6 27.Bg3 Nxf3 28.Rxf7 Rg8 29.Bd6 Rg4
30.Bh3 Rxe4 31.Bf5 Re2+ 32.Kb1 Kg8 33.Rxh7 Rf8 34.Bxf8 Kxf8 35.Bg6 Kg8 36.Re7 Nf4
37.Re8+ Rxe8 38.f7+  1-0

[Event "CZE-chT"]
[Site "?"]
[Date "1994.??.??"]
[Round "?"]
[White "Potomak, Vladimir"]
[Black "Vavra, Pavel"]
[Result "0-1"]
[WhiteElo "2215"]
[BlackElo "2365"]

1.c4 c6 2.d4 d5 3.Nc3 Nf6 4.Nf3 dxc4 5.a4 Bg4 6.Ne5 Bh5 7.h3 Na6 8.g4 Bg6
9.e3 Nb4 10.Bxc4 e6 11.Kf1 Nd7 12.Nxg6 hxg6 13.a5 b5 14.axb6 axb6 15.Bd2 Be7
16.Kg2 O-O 17.Qb3 b5 18.Be2 Nd5 19.Nxd5 exd5 20.Qc2 Rc8 21.Ra7 Bh4 22.Bb4 Re8
23.Bd3 Nf8 24.Qe2 Ne6 25.Qf3 Ng5 26.Qf4 Re6 27.Rf1 Qe8 28.b3 Ra8 29.Qc7 Rxa7
30.Qxa7 Rxe3 31.fxe3 Qxe3 32.Qb8+ Kh7 33.Bxg6+ fxg6 34.Qf4 Qe2+ 35.Kg1 Nxh3+  0-1

[Event "DEN-chT9394"]
[Site "DEN"]
[Date "1994.??.??"]
[Round "7"]
[White "Kroll, Ove"]
[Black "Sorensen, Bent"]
[Result "0-1"]
[WhiteElo "2325"]
[BlackElo "2300"]

1.c4 c6 2.Nc3 d5 3.d4 Nf6 4.Nf3 e6 5.Bg5 dxc4 6.e4 b5 7.a4 Qb6 8.Bxf6 gxf6
9.Be2 Be7 10.O-O O-O 11.Qd2 Kh8 12.Qf4 Nd7 13.Rfd1 Rg8 14.d5 b4 15.a5 Qa6
16.Na4 cxd5 17.exd5 Qxa5 18.Bxc4 Nb6 19.Bb3 Nxd5 20.Bxd5 exd5 21.Nc3 Qc5
22.Nxd5 Bh3 23.Ne3 Rac8 24.Qh6 Be6 25.Rd4 f5 26.Rad1 Rg6 27.Qf4 Rcg8 28.g3 a5
29.Ne5 R6g7 30.Rd5 Bxd5 31.Rxd5 Qc1+ 32.Kg2 f6 33.Nd3 Qc6 34.Qxf5 Rd8 35.Nf4 a4
36.Qe4 Rxd5 37.Nfxd5 a3 38.bxa3 bxa3 39.Qb1 Bc5 40.Kg1 Bxe3 41.Nxe3 Qb7  0-1

[Event "Eger"]
[Site "Eger"]
[Date "1994.??.??"]
[Round "3"]
[White "Todor, Razvan"]
[Black "Varga, Peter"]
[Result "0-1"]
[WhiteElo "2165"]
[BlackElo "2405"]

1.c4 c6 2.e4 d5 3.exd5 cxd5 4.cxd5 Nf6 5.Nc3 Nxd5 6.Bb5+ Bd7 7.Bc4 Nb6 8.Bb3 Nc6
9.Nf3 Bf5 10.d4 e6 11.O-O Na5 12.Bc2 Bxc2 13.Qxc2 Be7 14.Qe4 O-O 15.Bf4 Bf6
16.b3 a6 17.Rac1 Rc8 18.Rfd1 Qe7 19.Be5 Rfd8 20.Qf4 Bxe5 21.dxe5 Rxc3  0-1

[Event "Eger op"]
[Site "Eger"]
[Date "1994.??.??"]
[Round "5"]
[White "Persson, Hakon"]
[Black "Iruzubieta, Jesus Maria"]
[Result "1-0"]
[WhiteElo "2215"]
[BlackElo "2340"]

1.c4 c6 2.Nc3 d5 3.cxd5 cxd5 4.d4 Nc6 5.Bf4 e5 6.dxe5 d4 7.Ne4 Qa5+ 8.Nd2 Nge7
9.Nf3 Nd5 10.g3 h6 11.h4 Be7 12.Bg2 Rg8 13.Kf1 Nxf4 14.gxf4 Bg4 15.a3 O-O-O
16.Nc4 Qb5 17.Qd3 Kb8 18.b4 g6 19.Nfd2 Bf5 20.Be4 Bxe4 21.Nxe4 Qd5 22.Rh3 g5
23.hxg5 hxg5 24.b5 Qxb5 25.Rb1 Qd5 26.Ncd6 Bxd6 27.Nf6 Nxe5 28.fxe5 Qxe5
29.Qa6 b6 30.Rxb6+ axb6 31.Qxb6+ Kc8 32.Qc6+  1-0

[Event "Eger"]
[Site "Eger"]
[Date "1994.??.??"]
[Round "6"]
[White "Kajnih, Danilo"]
[Black "Payen, Arnaud"]
[Result "0-1"]
[WhiteElo "2240"]
[BlackElo "2310"]

1.c4 c6 2.Nc3 d5 3.cxd5 cxd5 4.d4 Nc6 5.Nf3 Nf6 6.Bf4 Ne4 7.e3 Nxc3 8.bxc3 g6
9.Ne5 Qa5 10.Qb3 Bg7 11.Bb5 Bxe5 12.Bxe5 O-O 13.Bg3 a6 14.Bxc6 bxc6 15.O-O Ra7
16.Qb4 Qxb4 17.cxb4 a5 18.a3 Ba6 19.Rfc1 Bc4 20.bxa5 Rxa5 21.e4 Rfa8 22.Rc3 Ra4
23.f3 Rb4 24.exd5 Bxd5 25.Re1 Rb7 26.Rce3 Be6 27.Rc1 Ra6 28.Be1 Bd5 29.Bb4 e6
30.g4 f6 31.f4 Kf7 32.g5 f5 33.h4 Kg7 34.Rce1 Be4 35.Rh3 Rd7 36.h5 Rxd4 37.hxg6 hxg6
38.Bc3 e5 39.fxe5 Rxa3 40.e6 Rxc3 41.Rxc3 Kf8 42.e7+ Ke8 43.Rc5 Rd7 44.Re5 Rxe7
45.Rxe7+ Kxe7 46.Ra1 Ke6 47.Ra5 f4 48.Kf2 Bd5 49.Ra1 Kf5 50.Rg1 Be4 51.Ke2 Bd5
52.Kf2 c5 53.Rd1 Ke5 54.Ra1 c4 55.Rd1 Be4 56.Rd8 c3 57.Ke2 c2 58.Rc8 Kf5
59.Rc5+ Kg4 60.Kd2 Bf5  0-1

[Event "Eger"]
[Site "Eger"]
[Date "1994.??.??"]
[Round "8"]
[White "Todor, Razvan"]
[Black "Payen, Arnaud"]
[Result "0-1"]
[WhiteElo "2165"]
[BlackElo "2310"]

1.c4 c6 2.b3 d5 3.Bb2 Nf6 4.g3 Bf5 5.Bg2 e6 6.Nf3 Be7 7.O-O h6 8.d3 O-O 9.Nbd2 Nbd7
10.Re1 Bh7 11.e4 Nc5 12.Qc2 dxe4 13.dxe4 Nd3 14.Re2 Nxb2 15.Qxb2 Qb6 16.e5 Nd7
17.Ne4 Nc5 18.Nxc5 Bxc5 19.Rd1 Rad8 20.Red2 Bxf2+ 21.Kh1 Be3 22.Rd6 Bc5 23.Rd7 Rxd7
24.Rxd7 Rd8 25.Qd2 Rxd7 26.Qxd7 Qb4 27.Qd8+ Bf8 28.h3 Be4 29.Qd4 Bxf3 30.Bxf3 Qc5
31.Qf4 g6 32.Qf6 Be7 33.Qf4 Bg5 34.Qe4 Qe3 35.Kg2 Qxe4 36.Bxe4 Be3 37.b4 Bd4
38.c5 a6 39.a4 Bxe5 40.b5 cxb5 41.axb5 axb5 42.Bxb7 b4 43.Be4 b3 44.g4 f5
45.Bd3 Kf7 46.Kf3 Bf6 47.Ke3 Ke7 48.Kd2 Bd4 49.Bb1 Bxc5 50.Kc3 Kf6 51.Kxb3 Kg5
52.Kc4 Bf2 53.gxf5 exf5 54.Kd5 Kf6 55.Bc2 h5 56.Bd3 g5 57.Bf1 g4 58.Bg2 Kg5
59.hxg4 hxg4 60.Ke5 Bg3+ 61.Kd4 Kf4 62.Kd3 Bf2 63.Ke2 Kg3 64.Kf1 f4 65.Bd5 Ba7
66.Bc6 f3 67.Bd5 Kf4  0-1

[Event "RUS-ch"]
[Site "Elista"]
[Date "1994.??.??"]
[Round "7"]
[White "Ivanov, Mikhail M"]
[Black "Sveshnikov, Evgeny"]
[Result "0-1"]
[WhiteElo "2475"]
[BlackElo "2585"]

1.c4 c6 2.Nf3 Nf6 3.d4 e6 4.g3 d5 5.Nbd2 b5 6.b3 a5 7.Bg2 a4 8.Rb1 axb3 9.axb3 Be7
10.O-O O-O 11.Ne5 Ra2 12.Bb2 Ba6 13.Qc1 Qa5 14.Ra1 Rxa1 15.Bxa1 Rc8 16.Bc3 b4
17.Bb2 c5 18.Qa1 Qd8 19.Rd1 cxd4 20.Bxd4 Nc6 21.Nxf7 Kxf7 22.Bxf6 Bxf6 23.Qxa6 dxc4
24.bxc4 Nd4 25.Re1 Rb8 26.Ne4 b3 27.Nxf6 Kxf6 28.c5 b2 29.Be4 Nc2 30.Bxc2 Qd2
31.Rb1 Qxc2 32.Qd3 Qxd3 33.exd3 Ke5 34.Kf1 Kd4 35.Ke1 Kxd3 36.Kd1 Kc3  0-1

[Event "RUS-ch"]
[Site "Elista"]
[Date "1994.??.??"]
[Round "7"]
[White "Ragozin, Evgeni"]
[Black "Yasinsky, V."]
[Result "1/2-1/2"]
[WhiteElo "2510"]
[BlackElo "2360"]

1.c4 c6 2.e4 d5 3.exd5 cxd5 4.d4 Nf6 5.Nc3 Nc6 6.Bg5 dxc4 7.d5 Ne5 8.Qd4 Nd3+
9.Bxd3 cxd3 10.Qxd3 g6 11.Bxf6 exf6 12.Nf3 Bd6 13.O-O O-O 14.Qd4 Bf5 15.Rfe1 Qb6
16.Qxb6 axb6 17.Nd4 Bd7 18.Ne4 Be5 19.Nf3 Bxb2 20.Rab1 Rxa2 21.Re2 Rfa8 22.h3 f5
23.Rbxb2 Rxb2 24.Nf6+ Kg7 25.Rxb2 Kxf6 26.Rxb6+ Ke7 27.d6+ Kf6 28.Rxb7 Bc6
29.Rc7 Bxf3 30.gxf3 Rd8 31.Kg2 Rxd6 32.Ra7 Re6 33.Rb7 Re7 34.Rb6+ Kg5 35.Rb5 Rd7
36.Kg3 Rc7 37.Ra5 Kh5 38.Rb5 Rd7 39.Ra5 Rb7 40.Rc5 Ra7 41.Rb5 Kg5 42.Rc5 Re7
43.Ra5 Kf6 44.Rb5 Re1 45.Kg2 g5 46.Ra5 Kg6 47.Rb5 h5 48.Rb4 Re6 49.Ra4 Rd6
50.Rb4 Kf6 51.Ra4 Ke6 52.Rc4 f6 53.Ra4 Ke5 54.Ra7  1/2-1/2

[Event "RUS-ch"]
[Site "Elista"]
[Date "1994.??.??"]
[Round "10"]
[White "Vaulin, Alexander"]
[Black "Solozhenkin, Evgeniy"]
[Result "1-0"]
[WhiteElo "2550"]
[BlackElo "2505"]

1.c4 c6 2.g3 d5 3.Bg2 Nf6 4.Nf3 dxc4 5.Qc2 Qd5 6.Nc3 Qf5 7.e4 Qh5 8.Ne2 e5
9.h3 Na6 10.g4 Nxg4 11.Ng3 Qg6 12.hxg4 Nb4 13.Qxc4 Be6 14.Qc3 Nxa2 15.Nxe5 Qf6
16.Rxa2 Bxa2 17.d4 Qe6 18.g5 Rd8 19.Be3 g6 20.O-O Bd6 21.Nxc6  1-0

[Event "MON"]
[Site "Erdenet"]
[Date "1994.??.??"]
[Round "?"]
[White "Ganbaatar, Ishdagva"]
[Black "Tuvsanaa, Nyamaa"]
[Result "0-1"]
[WhiteElo "2175"]
[BlackElo "2280"]

1.c4 c6 2.d4 d5 3.Nc3 Nf6 4.Nf3 dxc4 5.a4 Bg4 6.Ne5 Bh5 7.Nxc4 e6 8.Qb3 Na6
9.Bg5 Nb4 10.Rd1 a5 11.g3 Be7 12.Bg2 Bg6 13.e4 h6 14.Bc1 O-O 15.O-O Nd7 16.Kh1 b5
17.Ne5 Nxe5 18.dxe5 Qb6 19.f4 Rad8 20.f5 Bh5 21.Rxd8 Rxd8 22.h3 Nd3 23.g4 Nf2+
24.Kh2 Bxg4 25.Qc2 Bc5 26.hxg4 Nxg4+ 27.Kg3 Nxe5 28.Rd1 Bd4 29.Bh3 exf5 30.exf5 Qc5
31.Be3 Nc4 32.Bxd4 Rxd4 33.Rxd4 Qxd4 34.axb5 cxb5 35.Qe2 b4 36.Nd1 Nd6 37.Bg4 a4
38.Nf2 a3 39.bxa3 bxa3 40.Nd3 a2 41.Qxa2 Qxd3+  0-1

[Event "Essen Handicap"]
[Site "Essen"]
[Date "1994.??.??"]
[Round "?"]
[White "Timman, Jan H"]
[Black "Backwinkel, Paul"]
[Result "0-1"]
[WhiteElo "2635"]
[BlackElo "2410"]

1.c4 c6 2.d4 d5 3.Nc3 Nf6 4.Nf3 a6 5.Bg5 Ne4 6.h4 Nxg5 7.hxg5 g6 8.e3 Bg7
9.Qb3 e6 10.O-O-O b5 11.c5 a5 12.Bd3 a4 13.Qc2 Qa5 14.Ne2 b4 15.Qd2 Ba6 16.Nf4 Nd7
17.Bxa6 Qxa6 18.Qxb4 O-O 19.Nd3 Rfb8 20.Qc3 Rb5 21.Rd2 Qb7 22.Rc2 Raa5 23.Qd2 Qc7
24.Rh4 e5 25.Nfxe5 Bxe5 26.dxe5 Nxe5 27.Rd4 Nxd3+ 28.Rxd3 Qh2 29.f4 a3 30.b3 Ra8
31.Qf2 h6 32.gxh6 Qxh6 33.Kd2 Qf8 34.f5 Rxc5 35.Rxc5 Qxc5 36.fxg6 Qb4+ 37.Kc2 fxg6
38.Qg3 Qe4 39.Qf3 Qe5 40.Qf4 Qb2+ 41.Kd1 Rf8  0-1

[Event "EUCup Gr1"]
[Site "Eupen"]
[Date "1994.??.??"]
[Round "3"]
[White "Stangl, Markus"]
[Black "Gretarsson, Helgi Ass"]
[Result "1-0"]
[WhiteElo "2535"]
[BlackElo "2450"]

1.c4 c6 2.d4 d5 3.e3 Bf5 4.Qb3 Qc7 5.cxd5 cxd5 6.Bb5+ Nd7 7.Nc3 e6 8.Bd2 Ne7
9.Rc1 Nc6 10.Nf3 Be7 11.O-O O-O 12.Ne2 Rfc8 13.Bb4 Bxb4 14.Bxc6 bxc6 15.Qxb4 Rab8
16.Qa3 Qb6 17.b3 c5 18.dxc5 Nxc5 19.Ned4 Bg6 20.Ne5 Nd3 21.Nd7 Qb7 22.Nxb8 Nxc1
23.Rxc1 Rxc1+ 24.Qxc1 Qxb8 25.Qc5 h6 26.Nc6 Qb7 27.Nxa7 Bb1 28.b4 Bxa2 29.b5 e5
30.b6 d4 31.Qc8+ Qxc8 32.Nxc8 Bd5 33.Ne7+  1-0

[Event "FIN-chT"]
[Site "?"]
[Date "1994.??.??"]
[Round "?"]
[White "Yrjola, Jouni"]
[Black "Manninen, Marko"]
[Result "1/2-1/2"]
[WhiteElo "2440"]
[BlackElo "2375"]

1.c4 c6 2.e4 d5 3.exd5 cxd5 4.d4 Nf6 5.Nc3 e6 6.Nf3 Be7 7.cxd5 exd5 8.Bb5+ Nc6
9.Ne5 Bd7 10.O-O O-O 11.Re1 Bb4 12.Bg5 Bxc3 13.bxc3 Nxe5 14.dxe5 Bxb5 15.exf6 Re8
16.Qg4 Qd7 17.Qg3 Qf5 18.fxg7 Qg6 19.Qh4 Bd3 20.f3 Be2 21.Kf2 Qb6+  1/2-1/2

[Event "FIN-chT"]
[Site "?"]
[Date "1994.??.??"]
[Round "?"]
[White "Valkesalmi, Kimmo"]
[Black "Maki Uuro, Miikka"]
[Result "1-0"]
[WhiteElo "2355"]
[BlackElo "2290"]

1.c4 c6 2.Nf3 d5 3.b3 Nf6 4.Bb2 Bg4 5.Ne5 Bh5 6.g3 Nbd7 7.Nxd7 Nxd7 8.Bg2 e6
9.O-O Nf6 10.d4 Bd6 11.Nd2 Qe7 12.Re1 Ba3 13.Qc1 Bxb2 14.Qxb2 Bg6 15.b4 O-O
16.b5 Rfe8 17.a4 Rac8 18.Rec1 c5 19.e3 cxd4 20.Qxd4 e5 21.Qb2 d4 22.e4 b6
23.a5 Qb7 24.f3 Rc7 25.Bh3 Rd8 26.Qa3 h5 27.c5 bxc5 28.Rxc5 h4 29.Rac1 Rxc5
30.Qxc5 hxg3 31.hxg3 Rb8 32.Qxe5 Rd8 33.Qc7 Rb8 34.Qxb8+ Qxb8 35.Rc8+ Qxc8
36.Bxc8  1-0

[Event "Finkenstein op"]
[Site "Finkenstein"]
[Date "1994.??.??"]
[Round "?"]
[White "Treppner, Gerd"]
[Black "Grom, Waldemar"]
[Result "1-0"]
[WhiteElo "2310"]
[BlackElo "2020"]

1.c4 c6 2.d4 d5 3.Nf3 Nf6 4.Nc3 e6 5.cxd5 cxd5 6.Bf4 Bd6 7.e3 Bxf4 8.exf4 O-O
9.Bd3 Nc6 10.O-O h6 11.Rc1 Qd6 12.Qd2 a6 13.Bb1 b5 14.Ne5 Bb7 15.a3 Ne7 16.f3 Nd7
17.Na2 Nb6 18.Qc2 Rfc8 19.Qh7+ Kf8 20.Qh8+ Ng8 21.Bh7 Ke7 22.Qxg7 Rf8 23.Bxg8 Nd7
24.Ng6+ Kd8 25.Nxf8 Qxf8 26.Qxf8+ Nxf8 27.Bxf7 Kd7 28.Nb4  1-0

[Event "Formia op"]
[Site "Formia"]
[Date "1994.??.??"]
[Round "4"]
[White "Sarno, Spartaco"]
[Black "Ortega, Lexy"]
[Result "1-0"]
[WhiteElo "2395"]
[BlackElo "2440"]

1.c4 c6 2.Nf3 d5 3.b3 dxc4 4.bxc4 e5 5.Qc2 f6 6.e3 Nh6 7.d4 exd4 8.Nxd4 Na6
9.Nc3 Be7 10.Be2 O-O 11.O-O Kh8 12.Rd1 Qc7 13.e4 Ng4 14.g3 Qe5 15.Nf5 Bxf5
16.exf5 Nh6 17.Rd7 Nxf5 18.Bf4 Qe6 19.Rad1 Rfd8 20.Qe4 Nc5 21.Qxe6 Nxe6 22.Bg4 Nxf4
23.Bxf5 Rxd7 24.Rxd7 Bb4 25.Ne4 Ng6 26.Rxb7 a5 27.f4 Ne7 28.Bd7 h5 29.Kg2 Kh7
30.Kf3 Kg6 31.Kg2 Rd8 32.h3 Nf5 33.g4 hxg4 34.hxg4 Ne3+ 35.Kf3 Nxc4 36.Bf5+ Kh6
37.g5+ fxg5 38.fxg5+ Kh5 39.Rxg7 Rd3+ 40.Kf4  1-0

[Event "Formia op"]
[Site "Formia"]
[Date "1994.??.??"]
[Round "8"]
[White "Foisor, Cristina Adela B"]
[Black "Ortega, Lexy"]
[Result "0-1"]
[WhiteElo "2400"]
[BlackElo "2440"]

1.c4 c6 2.Nf3 d5 3.e3 Nf6 4.Nc3 Nbd7 5.Be2 e5 6.d4 Bd6 7.cxd5 cxd5 8.Nb5 Bb8
9.dxe5 Nxe5 10.Nbd4 O-O 11.O-O Ne4 12.Nxe5 Bxe5 13.a4 Qd6 14.Nf3 Bf6 15.a5 Rd8
16.Qb3 Bg4 17.Rd1 Ng5 18.Nd4 Bxe2 19.Nxe2 Ne6 20.Bd2 Qa6 21.Nf4 Nxf4 22.exf4 Rac8
23.h3 h5 24.Qf3 h4 25.Rab1 Rc2 26.b4 Qb5 27.Rb3 d4 28.Qd3 Qxd3 29.Rxd3 Rdc8
30.Rb1 Ra2 31.Kf1 Rcc2 32.Ke1 Kf8 33.Kd1 Ke7 34.b5 Ke6 35.a6 b6 36.Rc1 Rxc1+
37.Kxc1 Ra1+ 38.Kc2 Kd5 39.Bc1 Kc4 40.Rd2 d3+ 41.Kd1 Bc3 42.g3 hxg3 43.fxg3 Bxd2
44.Kxd2 Ra2+  0-1

[Event "FRA-chT "]
[Site "FRA"]
[Date "1994.??.??"]
[Round "?"]
[White "Kosten, Anthony C"]
[Black "Komarov, Dimitri"]
[Result "1/2-1/2"]
[WhiteElo "2515"]
[BlackElo "2535"]

1.c4 c6 2.e4 d5 3.exd5 cxd5 4.d4 Nf6 5.Nc3 Be6 6.Nge2 dxc4 7.Nf4 Bg4 8.Qa4+ Bd7
9.Qxc4 e6 10.Be2 Nc6 11.O-O Rc8 12.Rd1 Bd6 13.d5 Na5 14.Qd3 e5 15.Ne6 fxe6
16.dxe6 Bxe6 17.Qxd6 Qxd6 18.Rxd6 Ke7 19.Rd1 Rhd8 20.Be3 Rxd1+ 21.Rxd1 Nc4
22.Bxc4 Rxc4 23.Bxa7 Nd5 24.Bb8 Nxc3 25.bxc3 Kf6 26.Rc1 e4 27.Ba7 Bd5 28.a3 g6
29.h3 Ke6 30.Bd4 Ra4 31.f3 Rxa3 32.fxe4 Bc6 33.Rc2 Bb5 34.Rf2 Ra1+ 35.Kh2 Rf1
36.Rxf1  1/2-1/2

[Event "Geneve op"]
[Site "Geneve"]
[Date "1994.??.??"]
[Round "2"]
[White "Cordara, Michele"]
[Black "Donrault, Patrick"]
[Result "0-1"]
[WhiteElo "2205"]
[BlackElo "2050"]

1.c4 c6 2.g3 d5 3.b3 Bg4 4.Bb2 e6 5.Bg2 Nf6 6.Nf3 Nbd7 7.d3 Bd6 8.Nbd2 Qe7
9.Rc1 O-O 10.O-O e5 11.h3 Bh5 12.Nh4 Qe6 13.g4 Bg6 14.e4 dxe4 15.dxe4 Rfd8
16.Qe2 Bb4 17.Nxg6 hxg6 18.Nf3 Qe7 19.Rcd1 Ne8 20.Rd3 Nc7 21.Rfd1 f6 22.a3 Bc5
23.b4 Bd4 24.Nxd4 exd4 25.Bxd4 Ne5 26.Bc5 Qe8 27.Rxd8 Rxd8 28.Rxd8 Qxd8 29.Bxa7 Ne6
30.Be3 g5 31.c5 Nf4 32.Qd2 Nxh3+ 33.Kf1 Qxd2 34.Bxd2 Nf4 35.Bxf4 gxf4 36.Ke2 g5
37.a4 Kf7 38.f3 Ke7 39.Bf1 Kd7 40.Kf2 Kc7 41.a5 Kd7 42.Be2 Kc7 43.Ke1 Kd7
44.Kd2 Kc7 45.Kc3 Kd8 46.Kb3 Kc7 47.Ka4 Kb8 48.Ka3 Kc7 49.Kb3 Kb8 50.Kc3 Kc8
51.Kd4 Kc7 52.Kc3 Kb8 53.Kd4 Kc7 54.Bd1 Kd7 55.Kc3 Kc7 56.Kb2 Kb8 57.Kb3 Kc8
58.Ka4 Nc4 59.Be2 Ne5 60.a6 bxa6 61.Bxa6+ Kc7 62.Be2 Nd7 63.Kb3 Ne5 64.Kb2 Kd8
65.Kc3 Kc8 66.Kd4 Kc7 67.Bd1 Kd7 68.b5 cxb5 69.Kd5 b4 70.c6+ Kc7 71.Ke6 Nxf3
72.Kxf6 Nd4 73.e5 b3 74.Bxb3 Nxb3 75.e6 Nd2 76.Kxg5 f3 77.e7 Ne4+ 78.Kf4 f2
79.e8=Q f1=Q+  0-1

[Event "Bundesliga 9394"]
[Site "Germany"]
[Date "1994.??.??"]
[Round "?"]
[White "Poldauf, Dirk"]
[Black "Mueller, Mat"]
[Result "1/2-1/2"]
[WhiteElo "2425"]
[BlackElo "2350"]

1.c4 c6 2.e4 d5 3.exd5 cxd5 4.cxd5 Nf6 5.Bb5+ Nbd7 6.Nc3 a6 7.Qa4 Rb8 8.Bxd7+ Qxd7
9.Qxd7+ Bxd7 10.d4 Rd8 11.Bg5 Bf5 12.Bxf6 exf6 13.Nge2 Bd6 14.O-O O-O 15.Rfe1 b5
16.a3 Bc2 17.Ng3 Bxg3 18.hxg3 Bb3 19.Re7 Bxd5 20.Ra7 Bc4 21.Rd1 Rfe8 22.f3 f5
23.Kf2 Kf8 24.d5 Re7 25.Rxe7 Kxe7 26.Ke3 Bb3 27.Rd2 Kd6 28.Kf4 Kc5 29.Kxf5 Bxd5
30.Kf4 Rd6 31.g4 Rf6+ 32.Ke3 Re6+ 33.Kf4 Rf6+ 34.Ke3 Re6+  1/2-1/2

[Event "BL2-N9394"]
[Site "Germany"]
[Date "1994.??.??"]
[Round "?"]
[White "Schlemmermeyer, Wilhelm"]
[Black "Bauer, Reinhard"]
[Result "1/2-1/2"]
[WhiteElo "2345"]
[BlackElo "2310"]

1.c4 c6 2.Nc3 d5 3.e3 Nf6 4.Nf3 g6 5.d4 Bg7 6.Be2 O-O 7.O-O Re8 8.b4 Ne4
9.Bb2 Nxc3 10.Bxc3 Nd7 11.Qb3 Nf6 12.Rfd1 Ne4 13.Bb2 Bg4 14.h3 Be6 15.Nd2 Nxd2
16.Rxd2 Qd7 17.a4 Rec8 18.Rc1 h5 19.cxd5 cxd5 20.Rdc2 Rxc2 21.Rxc2 Rc8 22.Rxc8+ Qxc8
23.Bf3 Qd7 24.b5 f5 25.Ba3 Bf7 26.Qb4 e6 27.Qc5 b6 28.Qd6 Qc8 29.Qe7 Bf8
30.Qxf8+ Qxf8 31.Bxf8 Kxf8 32.h4 Be8 33.Kh2 Ke7 34.Kg3 Kf6 35.Kf4 Bf7 36.Bd1 Be8
37.Bf3 Bf7 38.Be2 Be8 39.Bd3 Bf7 40.Bc2 Be8 41.Bb3 Bd7  1/2-1/2

[Event "BL2-N9394"]
[Site "Germany"]
[Date "1994.??.??"]
[Round "?"]
[White "Wesseln, Kai"]
[Black "Jacoby, Florian"]
[Result "1/2-1/2"]
[WhiteElo "2350"]
[BlackElo "2240"]

1.c4 c6 2.Nf3 d5 3.e3 Nf6 4.d4 Bf5 5.Nc3 e6 6.Bd3 Bg6 7.O-O Bd6 8.Qe2 Nbd7
9.e4 dxe4 10.Nxe4 Nxe4 11.Bxe4 Bxe4 12.Qxe4 O-O 13.Bf4 Bxf4 14.Qxf4 Rc8 15.Rfd1 Qf6
16.Qe3 Rfd8 17.c5 Qe7 18.Nd2 b6 19.b4 Nf6 20.Nc4 b5 21.Nd6 Rc7 22.a4 a6 23.axb5 axb5
24.Ra6 Ne8 25.Nxe8 Qxe8 26.Qe4 Qd7 27.g3 g6  1/2-1/2

[Event "BL2-O9394"]
[Site "Germany"]
[Date "1994.??.??"]
[Round "?"]
[White "Schunk, Thomas"]
[Black "Zude, Arno"]
[Result "0-1"]
[WhiteElo "2285"]
[BlackElo "2435"]

1.c4 c6 2.g3 d5 3.Bg2 Nf6 4.Nf3 Bf5 5.O-O e6 6.d3 h6 7.Nbd2 Nbd7 8.Re1 Bh7
9.a3 a5 10.cxd5 cxd5 11.e4 dxe4 12.Nxe4 Be7 13.Qb3 Nxe4 14.dxe4 O-O 15.Qxb7 Nc5
16.Qb5 Bxe4 17.Ne5 Bxg2 18.Kxg2 Qd5+ 19.Kg1 Bf6 20.Bf4 Rfd8 21.Re2 Nb3 22.Qxd5 Rxd5
23.Rae1 Nd4 24.Re4 Bxe5 25.Bxe5 Nf3+ 26.Kf1 Nxe1 27.Kxe1 Rc8 28.Bc3 e5 29.Ra4 Rcc5
30.Ke2 f5 31.h4 h5 32.Ke3 Kf7 33.Be1 Ke6 34.Bc3 g6 35.f3 Kd7 36.f4 e4 37.Ke2 Kc6
38.Kf2 Rxc3 39.bxc3 Kb5 40.c4+ Kxa4 41.cxd5 Kb5 42.d6 Kc6 43.Ke3 Kxd6 44.Kd4 a4
45.Kc4 Kc6 46.Kb4 Kd5  0-1

[Event "BL2-S9394"]
[Site "Germany"]
[Date "1994.??.??"]
[Round "?"]
[White "Biebinger, Gerhard"]
[Black "Roeder, Frank"]
[Result "1-0"]
[WhiteElo "2310"]
[BlackElo "2250"]

1.c4 c6 2.d4 d5 3.Nf3 Nf6 4.e3 Bf5 5.Qb3 Qb6 6.cxd5 Qxb3 7.axb3 Nxd5 8.Nfd2 Nb4
9.Na3 Nc2+ 10.Nxc2 Bxc2 11.Be2 e6 12.Bd1 Bxd1 13.Kxd1 Be7 14.Ke2 O-O 15.Nc4 Na6
16.Na5 c5 17.Nxb7 Rfb8 18.Rxa6 Rxb7 19.dxc5 Bxc5 20.Rc6 Be7 21.Rd1 Rab8 22.Rd3 Rxb3
23.Rxb3 Rxb3 24.Rc7 Bd6 25.Rxa7 h5 26.h3 Rb5 27.Ra4 Be5 28.b4 Bd6 29.Bd2 h4
30.e4 f5 31.f3 g6 32.Kd3 Kf7 33.Bc3 fxe4+ 34.fxe4 Rg5 35.Ra2 Rg3+ 36.Kc4 Re3
37.Kd4 Bf4 38.Rc2 e5+ 39.Kd5 Rd3+ 40.Kc4 Re3 41.Kd5 Rd3+ 42.Kc6 Re3 43.b5 Rxe4
44.b6 Rc4+ 45.Kd5 Rc8 46.b7 Rd8+ 47.Ke4 Ke6 48.Rb2 Rb8 49.Be1 Kd7 50.Bxh4 Kc6
51.Bf6 Rxb7 52.Rxb7 Kxb7 53.Bxe5 Bd2 54.Kd5 Kb6 55.Bg3 Kb5 56.h4 Kb4 57.Ke6 Kc4
58.Kf6 Kd3 59.Kxg6 Ke2 60.Be5 Kf2 61.g4 Kf3 62.Kf5  1-0

[Event "Bundesliga 9394"]
[Site "Germany"]
[Date "1994.??.??"]
[Round "?"]
[White "Ruf, Matthias"]
[Black "Backwinkel, Paul"]
[Result "1/2-1/2"]
[WhiteElo "2395"]
[BlackElo "2410"]

1.c4 c6 2.Nf3 d5 3.e3 e6 4.Nc3 f5 5.d4 Bd6 6.Ne5 Nf6 7.Bd3 O-O 8.f4 Ne4 9.O-O Nd7
10.Rb1 Ndf6 11.Bd2 Bd7 12.Be1 Be8 13.Be2 a6 14.Bh4 b5 15.Nxe4 fxe4 16.c5 Bc7
17.Bg4 Bd7 18.Bh3 Kh8 19.g4 Qe8 20.Rf2 Ng8 21.Qe2 Ne7 22.Bg3 Bxe5 23.dxe5 Ng6
24.Qe1 Qe7 25.Rc2 a5 26.Bf1 Qe8 27.h4 h5 28.gxh5 Ne7 29.Be2 Nf5 30.Bg4 Nh6
31.Bd1 Qe7 32.Rbc1 Be8 33.Rg2 Rf5 34.Bf2 Bxh5 35.Bxh5 Rxh5 36.Rg5 Rxg5+ 37.hxg5 Nf5
38.Qe2 g6 39.Kg2 Kg7 40.Qd2 a4 41.Qc3 Rh8 42.Rh1 Rxh1 43.Kxh1 Qf8 44.Kg1 Kf7
45.a3 Ke8 46.Kg2 Kd7 47.Kg1 Ng7 48.Be1 Nf5 49.Bf2 Kc8 50.Kg2 Kb7 51.Kg1 Kc8
52.Kg2 Qe7 53.Kg1 Qa7 54.Kg2 Kb7 55.Kg1 Kc8 56.Kg2 Kd7 57.Kg1 Ke8 58.Kg2 Kf7
59.Kg1 Kg7 60.Kg2 Kh7 61.Kg1 Ng7 62.Be1 Qf7 63.Qc2 Qf5 64.Qg2 Qf8 65.Qc2 Nh5
66.Kh2 Qf5 67.Qd1 Qf8 68.Qd4 Ng7 69.Bf2 Kg8 70.Kg2 Kf7 71.Qc3 Nf5 72.Kg1 Qa8
73.Kg2 Ne7 74.Kg1 Qh8 75.Qa5 Qh3 76.Qd8 Qg4+ 77.Kf1 Qd1+ 78.Kg2 Qf3+ 79.Kg1 Qd1+
80.Kg2 Qe2 81.Qd7  1/2-1/2

[Event "Oberliga Nord N9394"]
[Site "Germany"]
[Date "1994.??.??"]
[Round "?"]
[White "Hochgraefe, Markus"]
[Black "Upleger, Martin"]
[Result "1-0"]
[WhiteElo "2270"]
[BlackElo "2245"]

1.c4 c6 2.e4 d5 3.exd5 cxd5 4.d4 Nf6 5.Nc3 e6 6.Nf3 Be7 7.cxd5 Nxd5 8.Bd3 O-O
9.O-O Nc6 10.Re1 Nf6 11.a3 b6 12.Bg5 Bb7 13.Bc2 Rc8 14.Qd3 g6 15.Rad1 Re8
16.h4 a6 17.Bb3 Na5 18.Ba2 b5 19.Ne5 Nd5 20.Bxe7 Rxe7 21.Ne4 Rec7 22.h5 Nf4
23.Qd2 Nxg2 24.Kxg2 Rc2 25.Qf4 Qe7 26.d5 Rxb2 27.hxg6 hxg6 28.Rh1 f5 29.Rh8+  1-0

[Event "NRW-Liga II 9394"]
[Site "Germany"]
[Date "1994.??.??"]
[Round "?"]
[White "Roesemann, Rainer"]
[Black "Busse, Klaus"]
[Result "1/2-1/2"]
[WhiteElo "2200"]
[BlackElo "2190"]

1.c4 c6 2.Nf3 d5 3.g3 e6 4.Bg2 Nf6 5.O-O Be7 6.b3 O-O 7.Bb2 Nbd7 8.d3 Rb8
9.Nbd2 b5 10.e4 Ba6 11.Nd4 Qb6 12.exd5 cxd5 13.cxd5 Nxd5 14.Qg4 N7f6 15.Qe2 Rbc8
16.Rac1 Rxc1 17.Rxc1 Rc8 18.Rxc8+ Bxc8 19.Ne4 Bd7 20.Nxf6+ Bxf6 21.Qg4 h5
22.Qe4 Qc5 23.Bh3 Nc3 24.Bxc3 Qxc3 25.Ne2 Qc6 26.Bg2 Qxe4  1/2-1/2

[Event "NRW-Liga II 9394"]
[Site "Germany"]
[Date "1994.??.??"]
[Round "?"]
[White "Eng, Holger"]
[Black "Prang, Edgar"]
[Result "1-0"]
[WhiteElo "2350"]
[BlackElo "2300"]

1.c4 c6 2.d4 d5 3.Nc3 e6 4.Nf3 dxc4 5.e4 b5 6.a4 Bb4 7.Be2 Nf6 8.Qc2 Bb7
9.O-O a6 10.Bg5 Qb6 11.Rad1 Nbd7 12.e5 Nd5 13.Ne4 h6 14.Bh4 O-O 15.g4 c5
16.g5 cxd4 17.Rxd4 Nxe5 18.Rfd1 Ng6 19.gxh6 Nxh4 20.Nxh4 f5 21.h7+ Kxh7 22.Ng5+ Kg8
23.Bf3 Be7 24.Qd2 Rfd8 25.Ng6 Bf6 26.Rh4 Bxg5 27.Qxg5 Qc7 28.Rh8+ Kf7 29.Ne5+ Qxe5
30.Bh5+ g6 31.Rh7+ Kf8 32.Qh6+  1-0

[Event "NRW-Liga II 9394"]
[Site "Germany"]
[Date "1994.??.??"]
[Round "?"]
[White "Eising, Johannes"]
[Black "Scheffner, Axel"]
[Result "0-1"]
[WhiteElo "2310"]
[BlackElo "2275"]

1.c4 c6 2.e4 d5 3.exd5 cxd5 4.cxd5 Nf6 5.Nc3 g6 6.Nf3 Bg7 7.Bc4 O-O 8.O-O Nbd7
9.d3 Nb6 10.Qb3 Bf5 11.Bf4 Ne8 12.Rfe1 Nd6 13.Nb5 Nbc8 14.a4 Nxb5 15.axb5 Nd6
16.h3 h6 17.Re3 Bd7 18.Rae1 g5 19.Be5 Bf6 20.Nd2 Nf5 21.Re4 Qb6 22.Qd1 Nd6
23.R4e3 Nf5 24.Re4 Nd6 25.R4e3 Nf5 26.Re4 Bxb5 27.Qf3 Bd7 28.d6 Nxd6 29.Bxf6 exf6
30.Re7 Nxc4 31.Nxc4 Qc6 32.Qe3 Rfe8 33.Qd4 Kf8 34.R7e3 Rxe3 35.Rxe3 Re8 36.Nd6 Rxe3
37.fxe3 Be6 38.Ne4  0-1